000 00870cam a2200277Mi 4500
001 52517
005 20230410115620.0
008 050118s2004 sp b 000 0 spa d
035 _a(OCoLC)ocm57548687
040 _aPL#
_bspa
_cPL#
_dOCLCQ
020 _a8497041402
020 _a9788497041409
029 0 _aPL#
_b8497041402
050 1 4 _aHF 5429
_bA473m 2004
100 1 _aAlvarez Ramos, Angel G.
245 1 0 _aManual para la gestión integral del comercio minorista /
_cAngel G. Alvarez Ramos.
260 _aSomonte-Cenero, Gijón :
_bEdiciones Trea,
_c[2004]
300 _a225 p. :
_bil. ;
_c22 cm.
440 0 _aTrea empresas ;
_v1
504 _aBibliografía: p. [229].
650 0 _aRetail trade
_xManagement.
653 _aComercio al por menor
_aGestión.
938 _aPuvill Libros
_bPUVL
_n8497041402
_c$31.96
942 _2lcc
_cbk
994 _aC0
_bDRFGD
999 _c44721
_d44721